000 00652cab a22001935a 4500
001 L147263
008 090422e20090417xxk f 000 0 eng d
035 _a(Sirsi) u147263
041 0 _aeng
100 1 _aLever, Jon
245 0 0 _aAPC advice
260 _c2009
490 0 _aProperty Week
_v75(16) 17 April 2009, 37(1)
520 _aDecribes the candidate's role and preparation leading up to the 21 month supervisor and counsellor review. Focuses on the candidate preparation.
590 _aKA
651 4 _aUnited Kingdom
_y
690 _aCAREERS, EDUCATION AND TRAINING-QUALIFICATION ROUTES-ASSESSMENT OF PROFESSIONAL COMPETENCE
942 _n0
999 _c81457
_d81457